Most Spoken Languages in New Hampshire Quiz Stats

 Plays Quiz not verified by Sporcle

Score 0/14 Timer 03:00
0 Plays Today
Rank Language % Correct
1English
94.3%
3French
92.5%
2Spanish
90.6%
6German
90.6%
5Chinese
88.7%
11Arabic
88.7%
9Italian
86.8%
Rank Language % Correct
10Vietnamese
81.1%
12Russian
81.1%
7Greek
79.2%
4Portuguese
77.4%
8Hindi
75.5%
14Serbo-Croatian
54.7%
13Gujarati
35.8%

You're not logged in!

Compare scores with friends on all Sporcle quizzes.
OR
Log In

Sporcle TV

Today on Sporcle TV


Watch our educational content, quiz creation guides, and fun videos on Sporcle TV.

Show Comments

Extras

Top Quizzes Today


Score Distribution

Your Account Isn't Verified!

In order to create a playlist on Sporcle, you need to verify the email address you used during registration. Go to your Sporcle Settings to finish the process.

Report this User

Report this user for behavior that violates our Community Guidelines.

Details: